000 00415nam a2200157Ia 4500
003 GCL
008 140319s9999 xx 000 0 ara d
040 _aGCL /
_cGCL
082 0 4 _aد
_b050
100 1 _aمحمد سعيد العريان
245 1 0 _aشجر الدر (اقرا 60 ) /
_cمحمد سعيد العريان
300 _a144
490 _aاقرأ
_v0
650 0 4 _aشجرة الدر
942 _2ddc
_cBK
999 _c48821
_d48821